Structural analysis : (Record no. 10255)
[ view plain ]
| 000 -LEADER | |
|---|---|
| fixed length control field | 01951ccm a22004214a 4500 |
| 001 - CONTROL NUMBER | |
| control field | 14258036 |
| 003 - CONTROL NUMBER IDENTIFIER | |
| control field | EG-ScBUE |
| 005 - DATE AND TIME OF LATEST TRANSACTION | |
| control field | 20201128013433.0 |
| 008 - FIXED-LENGTH DATA ELEMENTS--GENERAL INFORMATION | |
| fixed length control field | 060208t2007 njua f b 001 0 eng d |
| 020 ## - INTERNATIONAL STANDARD BOOK NUMBER | |
| International Standard Book Number | 9780470036082 |
| 035 ## - SYSTEM CONTROL NUMBER | |
| System control number | (OCoLC)ocm64085033 |
| 035 ## - SYSTEM CONTROL NUMBER | |
| System control number | (OCoLC)64085033 |
| 040 ## - CATALOGING SOURCE | |
| Original cataloging agency | DLC |
| Language of cataloging | eng |
| Description conventions | rda |
| Transcribing agency | DLC |
| Modifying agency | BAKER |
| -- | C#P |
| -- | YDXCP |
| -- | BTCTA |
| -- | DLC |
| -- | EG-ScBUE |
| 082 04 - DEWEY DECIMAL CLASSIFICATION NUMBER | |
| Classification number | 624.171 |
| Item number | MCC |
| Edition number | 22 |
| 100 1# - MAIN ENTRY--PERSONAL NAME | |
| Personal name | McCormac, Jack C., |
| Relator term | author. |
| 9 (RLIN) | 662 |
| 245 10 - TITLE STATEMENT | |
| Title | Structural analysis : |
| Remainder of title | using classical and matrix methods / |
| Statement of responsibility, etc | Jack C. McCormac, Clemson University. |
| 250 ## - EDITION STATEMENT | |
| Edition statement | Fourth edition. |
| 264 #1 - PUBLICATION, DISTRIBUTION, ETC. (IMPRINT) | |
| Place of publication, distribution, etc | Hoboken, NJ : |
| Name of publisher, distributor, etc | John Wiley and Sons, Inc., |
| Date of publication, distribution, etc | [2007] |
| 264 #4 - PUBLICATION, DISTRIBUTION, ETC. (IMPRINT) | |
| Date of publication, distribution, etc | c2007 |
| 300 ## - PHYSICAL DESCRIPTION | |
| Extent | xxvi, 584 pages : |
| Other physical details | illustrations ; |
| Dimensions | 26 cm |
| 336 ## - CONTENT TYPE | |
| Source | rdacontent |
| Content type term | text |
| Content type code | txt |
| 337 ## - MEDIA TYPE | |
| Source | rdamedia |
| Media type term | unmediated |
| Media type code | n |
| 338 ## - CARRIER TYPE | |
| Source | rdacarrier |
| Carrier type term | volume |
| Carrier type code | nc |
| 500 ## - GENERAL NOTE | |
| General note | Includes glossary. |
| 500 ## - GENERAL NOTE | |
| General note | Includes appendices. |
| 504 ## - BIBLIOGRAPHY, ETC. NOTE | |
| Bibliography, etc | Includes bibliographical references and index. |
| 520 ## - SUMMARY, ETC. | |
| Summary, etc | Presenting an introduction to elementary structural analysis methods and principles, this book will help readers develop a thorough understanding of both the behavior of structural systems under load and the tools needed to analyze those systems. |
| 650 #7 - SUBJECT ADDED ENTRY--TOPICAL TERM | |
| Topical term or geographic name as entry element | Structural analysis (Engineering) |
| Source of heading or term | BUEsh |
| 9 (RLIN) | 663 |
| 653 ## - INDEX TERM--UNCONTROLLED | |
| Resource For college | Engineering, General |
| Arrived date list | March2020 |
| 655 ## - INDEX TERM--GENRE/FORM | |
| Form subdivision | Reading book |
| 9 (RLIN) | 34232 |
| 856 42 - ELECTRONIC LOCATION AND ACCESS | |
| Materials specified | Contributor biographical information |
| Uniform Resource Identifier | <a href="http://www.loc.gov/catdir/enhancements/fy0814/2006041613-b.html">http://www.loc.gov/catdir/enhancements/fy0814/2006041613-b.html</a> |
| 856 42 - ELECTRONIC LOCATION AND ACCESS | |
| Materials specified | Publisher description |
| Uniform Resource Identifier | <a href="http://www.loc.gov/catdir/enhancements/fy0814/2006041613-d.html">http://www.loc.gov/catdir/enhancements/fy0814/2006041613-d.html</a> |
| 856 41 - ELECTRONIC LOCATION AND ACCESS | |
| Materials specified | Table of contents only |
| Uniform Resource Identifier | <a href="http://www.loc.gov/catdir/enhancements/fy0814/2006041613-t.html">http://www.loc.gov/catdir/enhancements/fy0814/2006041613-t.html</a> |
| 906 ## - LOCAL DATA ELEMENT F, LDF (RLIN) | |
| a | 7 |
| b | cbc |
| c | orignew |
| d | 1 |
| e | ocip |
| f | 20 |
| g | y-gencatlg |
| 942 ## - ADDED ENTRY ELEMENTS (KOHA) | |
| Source of classification or shelving scheme | Dewey Decimal Classification |
| Koha item type | Book - Borrowing |
| Withdrawn status | Lost status | Source of classification or shelving scheme | Damaged status | Not for loan | Home library | Current library | Shelving location | Date acquired | Source of acquisition | Total Checkouts | Total Renewals | Full call number | Barcode | Date last seen | Date checked out | Price effective from | Koha item type | Collection code |
|---|---|---|---|---|---|---|---|---|---|---|---|---|---|---|---|---|---|---|
| Dewey Decimal Classification | Central Library | Central Library | First floor | 29/10/2008 | Purchase | 7 | 2 | 624.171 MCC | 000014149 | 15/07/2025 | 08/01/2012 | 29/10/2008 | Book - Borrowing | |||||
| Dewey Decimal Classification | Central Library | Central Library | First floor | 29/10/2008 | Purchase | 624.171 MCC | 000014150 | 15/07/2025 | 29/10/2008 | NB - Book (Non borrowing) | ||||||||
| Dewey Decimal Classification | Central Library | Central Library | First floor | 29/10/2008 | Purchase | 3 | 1 | 624.171 MCC | 000014151 | 15/07/2025 | 06/04/2009 | 29/10/2008 | Book - Borrowing | |||||
| Dewey Decimal Classification | Central Library | Central Library | First floor | 23/03/2009 | 4 | 21 | 624.171 MCC | 000015604 | 15/07/2025 | 22/04/2014 | 23/03/2009 | Book - Borrowing | Baccah | |||||
| Dewey Decimal Classification | Central Library | Central Library | First floor | 23/03/2009 | 2 | 5 | 624.171 MCC | 000015603 | 15/07/2025 | 04/01/2015 | 23/03/2009 | Book - Borrowing | Baccah | |||||
| Dewey Decimal Classification | Central Library | Central Library | First floor | 18/10/2009 | 3 | 13 | 624.171 MCC | 000018407 | 15/07/2025 | 25/10/2011 | 18/10/2009 | Book - Borrowing | Baccah | |||||
| Dewey Decimal Classification | Central Library | Central Library | First floor | 18/10/2009 | 1 | 624.171 MCC | 000018412 | 15/07/2025 | 14/12/2014 | 18/10/2009 | Book - Borrowing | Baccah | ||||||
| Dewey Decimal Classification | Central Library | Central Library | First floor | 21/03/2010 | 1 | 624.171 MCC | 000020297 | 15/07/2025 | 15/08/2011 | 21/03/2010 | Book - Borrowing | Baccah | ||||||
| Dewey Decimal Classification | Central Library | Central Library | First floor | 07/03/2020 | Purchase | 624.171 MCC | 000048906 | 15/07/2025 | 07/03/2020 | Book - Borrowing | Baccah |